|
|
|
|
| LEADER |
00000nam0a2200000 4500 |
| 001 |
164710 |
| 005 |
20231101222512.0 |
| 010 |
|
|
|a 9780521788076
|
| 035 |
|
|
|a (RuTPU)RU\TPU\book\178704
|
| 090 |
|
|
|a 164710
|
| 100 |
|
|
|a 20090910d2007 m y0rusy50 ca
|
| 101 |
0 |
|
|a eng
|
| 102 |
|
|
|a GB
|
| 105 |
|
|
|a a j 000zy
|
| 200 |
1 |
|
|a Advanced Grammar in Use Supplementary Exercises with Answers
|f S. Haines, M. Nettle, M. Hewings
|
| 210 |
|
|
|a Cambridge
|c Cambridge University Press
|d 2007
|
| 215 |
|
|
|a 135 p.
|c il.
|
| 606 |
1 |
|
|a Английский язык
|x Учебные руководства и пособия для высшей школы
|x Пособия по грамматике
|2 stltpush
|3 (RuTPU)RU\TPU\subj\29073
|9 52485
|
| 610 |
1 |
|
|a грамматика
|
| 610 |
1 |
|
|a упражнения
|
| 686 |
|
|
|a Ш143.21-923.2
|v LBC/SL-A
|2 rubbk
|
| 700 |
|
1 |
|a Haines
|b S.
|g Simon
|
| 701 |
|
1 |
|a Nettle
|b M.
|g Mark
|
| 701 |
|
1 |
|a Hewings
|b M.
|g Martin
|
| 801 |
|
1 |
|a RU
|b 63413507
|c 20090910
|
| 801 |
|
2 |
|a RU
|b 63413507
|c 20200601
|g RCR
|
| 942 |
|
|
|c BK
|